APRENDE INGLES MI PRIMERA GRAMATICA VOL3 (Registro nro. 2051)

Detalles MARC
000 -LEADER
fixed length control field 01121nam a22002057a 4500
003 - CONTROL NUMBER IDENTIFIER
control field OSt
005 - DATE AND TIME OF LATEST TRANSACTION
control field 20260408092254.0
008 - FIXED-LENGTH DATA ELEMENTS--GENERAL INFORMATION
fixed length control field 260408b |||||||| |||| 00| 0 ESP d
082 ## - DEWEY DECIMAL CLASSIFICATION NUMBER
Edition number 9583200638
100 ## - MAIN ENTRY--PERSONAL NAME
Personal name JUAN ANTONIO OLLERO
245 ## - TITLE STATEMENT
Title APRENDE INGLES MI PRIMERA GRAMATICA VOL3
250 ## - EDITION STATEMENT
Edition statement 1RA EDICION VOL3
260 ## - PUBLICATION, DISTRIBUTION, ETC.
Place of publication, distribution, etc. Barcelona (España) o Bogotá (Colombia)
Name of publisher, distributor, etc. GRUPO EDITORIAL OCEANO
Date of publication, distribution, etc. 1986 y 1987
300 ## - PHYSICAL DESCRIPTION
Extent 168 PAG
Dimensions 18 x 25 cm
490 ## - SERIES STATEMENT
Materials specified tapa dura (cartoné).
520 ## - SUMMARY, ETC.
Summary, etc. 3. Elementos Clave del Método Bilingüismo guiado: Las explicaciones están en español, pero los ejercicios y ejemplos están diseñados para forzar el pensamiento en inglés. Apoyo Multimedia: Originalmente venía con un maletín que incluía CDs o DVDs, ya que el libro enfatiza que "el inglés entra por el oído".Versatilidad: Aunque visualmente parece infantil por sus dibujos, el contenido gramatical es lo suficientemente sólido para adultos que empiezan desde cero.
650 ## - SUBJECT ADDED ENTRY--TOPICAL TERM
Topical term or geographic name entry element Fonética y Pronunciación
Form subdivision Conectores
General subdivision Verbos Modales y Auxiliares
700 ## - ADDED ENTRY--PERSONAL NAME
Personal name JUAN ANTONIO OLLERO
942 ## - ADDED ENTRY ELEMENTS (KOHA)
Source of classification or shelving scheme Dewey Decimal Classification
Koha item type Acceso Libre
Suppress in OPAC No
Existencias
Withdrawn status Lost status Source of classification or shelving scheme Damaged status Not for loan Collection Home library Current library Shelving location Date acquired Source of acquisition Coded location qualifier Inventory number Total checkouts Full call number Barcode Date last seen Copy number Price effective from Koha item type
    Dewey Decimal Classification     Estantería E Fila 3 Biblioteca Stanford Biblioteca Stanford Biblioteca Abierta 08.04.2026 IDIOMAS 0475 0475   INGLES IDIOMA0475 08.04.2026 1 08.04.2026 Acceso Libre
Bienvenido a nuestra Biblioteca